Vplyv emócií na spotrebiteľské správanie

Charakterizácia miery vplyvu emócii na spotrebiteľské správanie. Na základe získaných údajov o danej problematike a informácii z vlastného výskumu autorky potvrdili, že emócie majú rozhodujúci vplyv pri rozhodovaní sa spotrebiteľa.

Salvato in:
Dettagli Bibliografici
Autore principale: Ďurišková, Dominika
Altri autori: Šášiková, Mária
Natura: Capitolo di libro
Lingua:slovacco
Soggetti:
Tags: Aggiungi Tag
Nessun Tag, puoi essere il primo ad aggiungerne!!

MARC

LEADER 00000nla a2200000 4500
001 0195702
005 20240502073303.9
041 0 |a slo 
044 |a SK 
245 1 0 |a Vplyv emócií na spotrebiteľské správanie  |c Dominika Ďurišková, Mária Šášiková 
520 |a Charakterizácia miery vplyvu emócii na spotrebiteľské správanie. Na základe získaných údajov o danej problematike a informácii z vlastného výskumu autorky potvrdili, že emócie majú rozhodujúci vplyv pri rozhodovaní sa spotrebiteľa. 
610 2 0 |a organizácie neziskové 
610 2 0 |a reklama 
610 2 0 |a farby 
610 2 0 |a emócie 
610 2 0 |a psychológia reklamy 
610 2 0 |a správanie spotrebiteľa 
100 1 |a Ďurišková, Dominika 
700 1 |a Šášiková, Mária